=LDR 00000nam 2200000 4500 =001 INLIS000000000017282 =005 20230307012502 =035 ##$$a 0010-061300000017282 =008 230307################g##########0#ind## =041 ##$$a Ind =082 ##$$a 551.48 =090 ##$$a 333.910 21, Suw h =100 ##$$a Suwarno =245 1#$$a Hidrologi : $b Aplikasi metode statistik untuk analisa data /$c Soewarno =260 ##$$a Bandung :$b Nova,$c 1995 =300 ##$$a vii, 269 hlm. : $b illus ; $c 21` cm. =650 #4$$a Hidrologi, Statistik =850 ##$$a NBPNMAT =084 ##$$a 551.48 SUW h =250 ##$$a Jil. 1 =990 ##$$a 38793879 =990 ##$$a 20406915